00335nam a2200121Ia 4500008004100000041000800041082001800049100002100067245004500088260004200133300002900175365000900204240624s9999 xx 000 0 und d aeng a332.64273 GEI aGEISST CHARLES R aUNDUE INFLUENCE HOW THE WALL STREET ELIT c2005aNew JerseybJohn Wiley and Sons av, : 314 : p. : cm. ; 23 cb27